000 00922nam a22002057a 4500
999 _c59060
_d59060
003 Ge_BSU
005 20221115124215.0
008 221115s1960 ge ||||| |||| 00| 0 geo d
041 _ageo
080 _a343.24 + 364 ვ-26
100 _aვაჩეიშვილი, ა.
_93974
245 _aსასჯელი და სოციალური დაცვის ღონისძიებანი /
_cა. ვაჩეიშვილი; რედ. ი. პავლიაშვილი.
264 _aთბილისი :
_bთბილ. უნ-ტის გამ-ბა,
_c1960.
300 _a318 გვ. ;
_b22 სმ.
504 _aბიბლიოგრ. შენიშვნებში
653 _aსასჯელი
653 _aსოციალური დაცვა
700 _aპავლიაშვილი, ი.
_eრედაქტორი
_915832
942 _2udc
_cBK